书目信息 |
| 题名: |
钢筋工
|
|
| 作者: | 高忠民 主编 | |
| 分册: | ||
| 出版信息: | 金盾出版 2007.06 |
|
| 页数: | 354页 | |
| 开本: | 20cm | |
| 丛书名: | ||
| 单 册: | ||
| 中图分类: | TU755.3 | |
| 科图分类: | ||
| 主题词: | 建筑工程--各种 | |
| 电子资源: | ||
| ISBN: | 7-5082-4128-2 | |
| 000 | 00576nam0 2200217 45 | |
| 001 | 0939442353 | |
| 005 | 20091014105824.92 | |
| 010 | @a7-5082-4128-2@dCNY20.00 | |
| 100 | @a20090515d2007 ekmy0 y0120 ea | |
| 102 | @aCN@b130000 | |
| 105 | @ay z 000yy | |
| 200 | 1 | @a钢筋工@f高忠民主编@Fgao zhong min zhu bian |
| 210 | @c金盾出版@d2007.06 | |
| 210 | @a北京@c金盾出版社 | |
| 215 | @a354页@d20cm | |
| 606 | 0 | @a建筑工程@x各种 |
| 690 | @aTU755.3@v4 | |
| 701 | 0 | @a高忠民@Agao zhong min@4主编 |
| 801 | 0 | @aCN@c20091014 |
| 905 | @a10447@dTU755.3@eG214 | |
| 906 | @d20@n3@r1 | |
| 钢筋工/高忠民主编.-金盾出版,2007.06.-北京:金盾出版社 |
| 354页;20cm |
| ISBN 7-5082-4128-2:CNY20.00 |
| ● |
| 相关链接 |
|
|
|
正题名:钢筋工
索取号:TU755.3/G214
 
预约/预借
| 序号 | 登录号 | 条形码 | 馆藏地/架位号 | 状态 | 备注 |
| 1 | 890081 | 208900812 | 建筑库201/201建筑库 42排6列4层/ [索取号:TU755.3/G214] | 在馆 | |
| 2 | 890082 | 208900821 | 建筑库201/201建筑库 42排6列4层/ [索取号:TU755.3/G214] | 在馆 | |
| 3 | 890083 | 208900830 | 建筑库201/201建筑库 42排6列4层/ [索取号:TU755.3/G214] | 在馆 |